00935 2200205 4500001002100000005001500021035002000036008004100056245002800097100001400125250000600139260003800145300001200183084001400195082000800209650001000217520047800227990001200705990001200717INLIS00000000000090520240603092705 a0010-0524000140240603 1 ind 1 aTulip Story /cSara Tee aTee, Sara a1 aYogyakarta :bSheila/ Andi,c2014 a282 hlm a813 SAR t a813 4aFiksi aMenceritakan tentang kehidupan para cheerleader di SMA. Dikemas unik dan sangat menarik. Ada pesan moral yang ingin penulis sampaikan, yaitu selalu ada harga yang harus dibayar untuk setiap perbuatan yang dilakukan, serta hubungan sebab-akibat yang seringkali dilupakan oleh para remaja untuk mengejar obsesi dan merasa tindakannya selalu benar dengan alasan mencari jati diri. Kesederhanaan ide itu justru yang membuat karya ini menarik dan berbeda dengan karya yang lain. a0741410 a0741411